LEADER 00812oam 2200289z- 450 001 9910455273903321 005 20210225223700.0 035 $a(CKB)1000000000771835 035 $a(MiAaPQ)EBC3137456 035 $a(EXLCZ)991000000000771835 100 $a20160523c2004uuuu -u- - 101 0 $aeng 200 10$aAddressing the HIV/AIDS Pandemic: A U.S. Global AIDS Strategy for the Long Term 210 $cCouncil on Foreign Relations 606 $aHIV Infections 606 $aGlobal Health 606 $aHealth Planning 606 $aHealth Policy 607 $aUnited STates 615 12$aHIV Infections. 615 22$aGlobal Health. 615 22$aHealth Planning. 615 22$aHealth Policy. 906 $aBOOK 912 $a9910455273903321 996 $aAddressing the HIV$92471781 997 $aUNINA LEADER 00957nam 2200349 450 001 9910164205803321 005 20230809222718.0 010 $a1-4988-1624-X 035 $a(CKB)3710000001057616 035 $a(MiAaPQ)EBC4802876 035 $a(EXLCZ)993710000001057616 100 $a20170304h20172017 uy 0 101 0 $aeng 135 $aurcnu|||||||| 181 $2rdacontent 182 $2rdamedia 183 $2rdacarrier 200 10$aMonkeypox $eglobal status /$fStephen Berger 210 1$aLos Angeles, California :$cGideon,$d2017. 210 4$dİ2017 215 $a1 online resource (22 pages) $ccolor illustrations 606 $aHuman monkeypox$xEpidemiology 615 0$aHuman monkeypox$xEpidemiology. 676 $a614.521 700 $aBerger$b Stephen$01210032 801 0$bMiAaPQ 801 1$bMiAaPQ 801 2$bMiAaPQ 906 $aBOOK 912 $a9910164205803321 996 $aMonkeypox$93414352 997 $aUNINA